00856nam a2200217 a 450000100100000000500170001000800410002704000250006808200170009310000280011024501230013826000390026130000210030050000350032150400740035653600320043070000290046204900090049195201210050099900170062100002335620200930022148.0101203s1969 sp r 001 0 spa d aDO-SdBNPbspacBNPHU axxxxxbG942n1 aFuggenheim, Fred94811210aNuevas fronteras en educación :borganización escolar y medios didácticos /cFred guggenheim , C. L. Guggenheim. aMadrid :bEdiciones Morata,c1969. a312 p. ;c21 cm. aIncluye índice alfabético. aIncluye referencias bibliográficas y notas al pie de las páginas. aNew frontiers in education.1 aGuggenheim, C. L.948113 aBNGR 001054708MOaGRbGRcCTd2010-12-03iLF1l0oxxxxx G942np23356-10r2020-06-25w2020-06-25y4ZPréstamo en sala c22853d22853